BUSINESS MANAGEMENT (Record no. 9073)

MARC details
000 -LEADER
fixed length control field 00487nam a22001577a 4500
003 - CONTROL NUMBER IDENTIFIER
control field SGT
020 ## - INTERNATIONAL STANDARD BOOK NUMBER
International Standard Book Number 9788182963306
082 ## - DEWEY DECIMAL CLASSIFICATION NUMBER
Classification number 658, GOY
100 ## - MAIN ENTRY--PERSONAL NAME
Personal name GOYAL, RAJESH
245 ## - TITLE STATEMENT
Title BUSINESS MANAGEMENT
260 ## - PUBLICATION, DISTRIBUTION, ETC. (IMPRINT)
Place of publication, distribution, etc NEW DELHI
Name of publisher, distributor, etc A P C
Year of Publication 2010
300 ## - PAGE DESCRIPTION
No. of Pages V.P.
650 ## - SUBJECT ADDED ENTRY--TOPICAL TERM
Topical term or geographic name as entry element MANAGEMENT
653 ## - KEYWORDS--INDEX TERM
Keyword term STAFFING, RECRUITMENT, SELECTION AND TRAINING, MOTIVATION, LEADERSHIP, COMMUNICATION, CONTROL: NATURE AND PROCESS, TECHNIQUES OF CONTROL, MANAGEMENT OF CHANGES
942 ## - ADDED ENTRY ELEMENTS (KOHA)
Source of classification or shelving scheme Dewey Decimal Classification
Koha item type FCM Books
Holdings
Withdrawn status Lost status Source of classification or shelving scheme Damaged status Not for loan Home library Current library Shelving location Date acquired Vendor Name Cost, normal purchase price SGTU Total Checkouts Full call number Accession No. (Barcode) Date last seen Bill Date Koha item type
    Dewey Decimal Classification     SGT Science & Social Sciences Library SGT Science & Social Sciences Library Text Book 16/06/2016 DONATE BY DR. SINGH PVC SGT UNIVERSITY 80.00 SGTU   658, GOY CM350 16/06/2016 16/06/2016 FCM Books